Dopasuj rapera do albumu (PL) (100 albumów!!) - Statystyki

Ogólne statystyki
  • Ten quiz został rozwiązany 112 razy
  • Średni wynik to 55 z 100
Statystyki odpowiedzi
Album Raper/zespół % Poprawnych
100 dni do matury Mata
89%
Młody Matczak Mata
88%
Hotel Maffija SB Maffija
87%
Hotel Maffija 2 SB Maffija
86%
Hotel Maffija 3 SB Maffija
86%
chillwagon chillwagon
83%
Opowieści z Doliny Smoków Bedoes 2115
82%
PRODUKT47 Oki
82%
Soma 0,5mg Taconafide
80%
Rockstar White 2115
80%
OIO OIO
78%
Internaziomal Żabson
78%
Trójkąt warszawski Taco Hemingway
77%
To ziomal Żabson
77%
47playground Oki
76%
ROMANTIC PSYCHO Quebonafide
76%
Rockstar: Do Zachodu Słońca White 2115
76%
47universe Oki
75%
Egzotyka Quebonafide
74%
POCZTÓWKA Z WWA, LATO 2K19 Taco Hemingway
74%
1-800-OŚWIECENIE Taco Hemingway
74%
<33 Mata
73%
77747mixtape Oki
73%
Rewolucja Romantyczna Bedoes 2115
72%
Ezoteryka Quebonafide
71%
Wojtek Sokół Sokół
71%
Ostatni Ziomal Żabson
70%
Nowy Kolor Otsochodzi
69%
Marmur Taco Hemingway
69%
Cafe Belga Taco Hemingway
68%
RODZINNY BIZNES 2115
67%
nauczyłem się przeklinać Chivas
66%
Ground Zero Mixtape PRO8L3M
66%
Jarmark Taco Hemingway
66%
club2020 club2020
65%
Pretty Boy White 2115
65%
młody say10 Chivas
63%
PLEŚŃ Guzior
61%
Tarcho Terror Otsochodzi
61%
Szprycer Taco Hemingway
61%
Młody Książę White 2115
61%
Ogrody Mixtape 3 Kukon
60%
Eklektyka Quebonafide
60%
BOA ReTo
60%
Umowa o dzieło Taco Hemingway
60%
TOXIC Young Multi
60%
H8M5 Białas
59%
Czempion Kizo
59%
H8M4 Białas
58%
Ogrody Mixtape Kukon
58%
Aby śmierć miała znaczenie Bedoes 2115
56%
Ostatni Krzyk Osiedla Paluch
56%
Muzyka Klasyczna Pezet
56%
Diamentowy Las Białas, White 2115
53%
Muzyka współczesna Pezet
53%
Pułapka Na Motyle Sobel
53%
PRELUDIUM Fukaj
52%
W samo południe ReTo
52%
EVIL_THINGS Guzior
51%
Muzyka Komercyjna Pezet
51%
Plansze Jan-rapowanie
49%
Jeszcze 5 minut Kizo
49%
Pretty Girl White 2115
49%
Mały Książę Avi
48%
Trappist Young Igi
48%
Nowa Fala Young Multi
48%
STYXXX ReTo
47%
DAMN. ReTo
46%
amfisbena Żabson, Young Igi
46%
??? Zeamsone
45%
In hajs we trust 2 Białas, Lanek
44%
NEWCOMER Białas
43%
Konfetti Young Igi
43%
Na legalu? Peja, Slums Attack
42%
Vanillahajs Tede
42%
Lepszego Życia Diler Paluch
41%
Flagey EP Taco Hemingway
41%
Czerwony Dywan Paluch
40%
Notatki z Marginesu Young Igi
39%
Chaos Fukaj
37%
SAFE Gibbs
37%
+18 Kubi Producent
37%
Hoodie Beteo
35%
spokój. Kuban
35%
Tabasko O.S.T.R.
34%
DOPEHOUSE MIXTAPE Gibbs
33%
Nowy Pop Beteo
31%
ROUGH N'GENTLE Kukon
30%
Mutylator Słoń
30%
777 Zeamsone
29%
UNIWERSUM Zeamsone
29%
Miłość Otsochodzi
27%
Czarno na białym Gibbs
26%
BON APPETIT ReTo, Zetha
26%
420024 ReTo, Borixon
23%
Mołotow Borixon
20%
Hundred Bands Zeamsone
18%
Życie Po Śmierci O.S.T.R.
17%
20/20 Evergreen Peja, Slums Attack
13%
Bohaterowie podwórek ZetHa
11%
Nie znaleziono quizów pasujących do podanych kryteriów
Rozkład punktacji
Procent ludzi z każdym wynikiem
Percentyl według liczby udzielonych odpowiedzi
Twoja historia wyników
Nie rozwiązałeś tego quizu